What's That Inside Bacon? Quiz Stats

 Plays Quiz Updated Jan 11, 2016

Also try: Meat or Tofu?
Challenge
Share
Tweet
Score 0/15 Timer 04:00
1 Play Today
% Correct
Shrimp
98.8%
Corn
96.6%
Hot dog
96.3%
Jalapeño pepper
95.3%
Asparagus
93.6%
Oreos
91.5%
Pizza
90.7%
Hamburger
88.9%
% Correct
Ice cream
87.9%
Green beans
77.4%
Pineapple
76.2%
Avocado
70.6%
Dates
61.3%
Pears
44.1%
Tofu
43.2%

You're not logged in!

Compare scores with friends on all Sporcle quizzes.
OR
Log In

You Might Also Like...

Show Comments

Extras

Top Quizzes Today


Score Distribution

Your Account Isn't Verified!

In order to create a playlist on Sporcle, you need to verify the email address you used during registration. Go to your Sporcle Settings to finish the process.

Report this User

Report this user for behavior that violates our Community Guidelines.

Details: